Vista normal
Vista MARC
Entrada Materia (tema)
Número de registros utilizados en: 2
001 - CONTROL NUMBER
- control field: 53476
003 - CONTROL NUMBER IDENTIFIER
- control field: Co-BoUCM
005 - DATE AND TIME OF LATEST TRANSACTION
- control field: 20140116145137.0
008 - FIXED-LENGTH DATA ELEMENTS
- fixed length control field: 140116|| aca||aabn | a|a d
040 ## - CATALOGING SOURCE
- Original cataloging agency: Co-BoUCM
- Transcribing agency: Co-BoUCM
150 ## - HEADING--TOPICAL TERM
- Topical term or geographic name as entry element: Neuromercadeo
670 ## - SOURCE DATA FOUND
- Source citation: Work cat.: (Co-BoUCM)184002: García Palomo, Juan Pedro 53475, Neuromarketing, 2013.